| 000 | 00477nam a2200181Ia 4500 | ||
|---|---|---|---|
| 008 | 230524s9999 xx 000 0 und d | ||
| 020 | _a8120320964 | ||
| 082 |
_a621.382 _bCOU |
||
| 100 | _aRobert F.Coughlin | ||
| 245 | 0 | _aOperational Amplifiers and Linear Integrated Circuits | |
| 250 | _a6TH | ||
| 260 |
_aNEW DELHI _b"Pearson, PHI" _c2005 |
||
| 300 | _a557 | ||
| 500 | _aQuantity Number: 17 | ||
| 650 | _aElectronics | ||
| 700 | _a Frederik F.Driscoll | ||
| 942 | _cBK | ||
| 999 |
_c18880 _d18880 |
||